000 00377nam a22001697a 4500
003 UA-OsUOA
001 5978
007 ta
008 20050721b un ||||| |||| 00| 0 ukr d
100 _aBennett
700 _aRoss
942 _cBK
040 _aUA-OsUOA
_cUA-OsUOA
_dUA-OsUOA
245 _aThe New America's Wonderlands Our National Parks.
955 _a2
650 7 _2UDC
999 _c292140
_d292140